[Event "ICS Rated bullet match"]
[Site "204.178.125.65"]
[Date "1999.09.20"]
[Round "?"]
[White "JSBach"]
[Black "Hossa"]
[Result "0-1"]
[WhiteElo "2018"]
[BlackElo "2335"]
[PlyCount "78"]
[EventDate "1999.??.??"]

1. d4 Nf6 2. Bf4 c5 3. Nf3 cxd4 4. Qxd4 Nc6 5. Qa4 Nd5 6. Bd2 e6 7. e4 Nb6 8.
Qb5 d5 9. Ne5 Qc7 10. Nxc6 bxc6 11. Qd3 Bd6 12. Be2 O-O 13. exd5 exd5 14. Nc3
Rb8 15. Bg5 Re8 16. Rd1 Nc4 17. Rb1 Nxb2 18. Qf3 Be5 19. Kf1 Be6 20. a3 Bd6 21.
Nb5 cxb5 22. Rxb2 a6 23. Qd3 Be5 24. Rb3 Rbc8 25. Bf3 d4 26. Rb1 Bc4 27. Be2
Bxd3 28. Bxd3 Bd6 29. Bf5 Bxa3 30. Bxc8 Qxc2 31. g4 Qxb1+ 32. Kg2 Qe4+ 33. f3
Qe2+ 34. Kg3 Rxc8 35. h3 Rc3 36. Be3 Rxe3 37. Ra1 Qxf3+ 38. Kh4 Be7+ 39. g5
39... Qxh3# {JSBach checkmated} 0-1

[Event "ICS Rated bullet match"]
[Site "204.178.125.65"]
[Date "1999.09.20"]
[Round "?"]
[White "JSBach"]
[Black "Hossa"]
[Result "0-1"]
[WhiteElo "2037"]
[BlackElo "2343"]
[PlyCount "146"]
[EventDate "1999.??.??"]

1. d4 Nf6 2. Qd3 d5 3. Bg5 Ne4 4. Bf4 e6 5. Nd2 Bd6 6. Bxd6 Nxd6 7. O-O-O Nd7
8. Ngf3 O-O 9. e3 c5 10. Qc3 cxd4 11. Nxd4 e5 12. N4f3 Re8 13. g4 a6 14. h3 f6
15. Qb3 Nb6 16. c3 Bd7 17. Qb4 Ba4 18. b3 a5 19. Qc5 Rc8 20. Qxa5 Ra8 21. Qb4
Bc6 22. Kb1 Nbc8 23. Be2 b5 24. Qc5 Qc7 25. Bd3 Nb6 26. Rhf1 Nd7 27. Qb4 e4 28.
Bc2 exf3 29. Nxf3 Ne5 30. Nxe5 fxe5 31. f4 exf4 32. Qxf4 Bb7 33. Bd3 Ra6 34.
Qd4 Ra3 35. g5 Re6 36. g6 hxg6 37. Rd2 Qc6 38. Rdf2 Ra8 39. Rf3 Qe8 40. R1f2
Bc6 41. Kc1 Ra3 42. Kb2 Ra6 43. Ka1 Ra8 44. Kb1 g5 45. h4 gxh4 46. Qxh4 Rh6 47.
Qf4 Ne4 48. Rc2 Rf6 49. Qg4 Bd7 50. Qg2 Rg6 51. Qh2 Rc6 52. Kb2 Rh6 53. Qc7 Ng5
54. Rf4 Ne6 55. Qb7 Bc6 56. Qb6 Nxf4 57. exf4 Re6 58. Rh2 Re7 59. Qd4 Re1 60.
Rg2 Rxa2+ 61. Kxa2 Qa8+ 62. Qa4 bxa4 63. b4 Qa7 64. Ka3 Qe3 65. b5 Ra1+ 66. Kb4
Qxd3 67. Kc5 Qxc3+ 68. Kd6 Bxb5 69. Rh2 Qb4+ 70. Kxd5 Rd1+ 71. Rd2 Rxd2+ 72.
Ke5 Qc5+ 73. Ke4 73... Bc6# {JSBach checkmated} 0-1

[Event "ICS Rated standard match"]
[Site "204.178.125.65"]
[Date "1999.09.17"]
[Round "?"]
[White "DSantoro"]
[Black "Hossa"]
[Result "0-1"]
[WhiteElo "2217"]
[BlackElo "2124"]
[PlyCount "84"]
[EventDate "1999.??.??"]

1. d4 Nf6 2. c4 g6 3. Nc3 Bg7 4. e4 d6 5. f4 O-O 6. Nf3 c5 7. d5 Bg4 8. h3 Bxf3
9. Qxf3 e6 10. Be2 Nfd7 11. O-O exd5 12. cxd5 f5 13. exf5 Rxf5 14. g4 Rf7 15.
Bd2 Na6 16. Rae1 Nb4 17. Qg2 Nc2 18. Rb1 Qf6 19. Nb5 a6 20. Bc3 Qe7 21. Bxg7
Ne3 22. Qf3 Nxf1 23. Rxf1 Kxg7 24. Nc7 Rc8 25. Ne6+ Kg8 26. b3 Re8 27. Qc3 Nb6
28. Qd2 Qh4 29. Ng5 Rfe7 30. Ne6 Qg3+ 31. Kh1 Qxh3+ 32. Kg1 Qg3+ 33. Kh1 Nxd5
34. Bf3 Nf6 35. Bd5 Qh3+ 36. Kg1 Nxd5 37. Qxd5 Qxg4+ 38. Kf2 Rxe6 39. Re1 Qh4+
40. Kg1 Qxe1+ 41. Kg2 Rf8 42. Kf3 42... Qh1+ {DSantoro resigns} 0-1

[Event "ICS Rated standard match"]
[Site "204.178.125.65"]
[Date "1999.09.20"]
[Round "?"]
[White "Grandbird"]
[Black "Hossa"]
[Result "0-1"]
[WhiteElo "2039"]
[BlackElo "2137"]
[PlyCount "108"]
[EventDate "1999.??.??"]

1. Nf3 Nf6 2. c4 c5 3. b3 Nc6 4. Bb2 e6 5. g3 d5 6. Bg2 Be7 7. O-O O-O 8. d3 d4
9. Na3 e5 10. Nc2 Ng4 11. e3 Rb8 12. b4 dxe3 13. Nxe3 cxb4 14. Nd5 Bd6 15. Re1
Re8 16. Nd2 Bc5 17. Ne4 Bd4 18. Bxd4 Nxd4 19. h3 Nh6 20. Nxb4 Be6 21. Nc3 Qd7
22. Kh2 Rbd8 23. Nbd5 f6 24. Rb1 Kh8 25. Rb2 Nf7 26. Qb1 b6 27. a4 Ng5 28. g4
Ndf3+ 29. Kg3 Nxe1 30. Qxe1 Bf7 31. Nb5 Bg6 32. Nb4 Rc8 33. h4 Ne6 34. h5 Bxd3
35. Rd2 Nc5 36. Nxd3 Nxd3 37. Qd1 Red8 38. Be4 Nxf2 39. Rxd7 Nxd1 40. Rxa7 Ne3
41. Nc7 Rd7 42. Nb5 Rxa7 43. Nxa7 Rxc4 44. Bc6 Nxg4 45. Bb5 Rc7 46. Nc6 Nh6 47.
Nb4 Rc5 48. Na6 Rc3+ 49. Kf2 Nf5 50. Nb4 e4 51. Nd5 e3+ 52. Ke1 Rc5 53. Nxb6
Nd4 54. Bd3 54... Rc1# {Grandbird checkmated} 0-1

[Event "ICS Rated standard match"]
[Site "204.178.125.65"]
[Date "1999.09.10"]
[Round "?"]
[White "Hossa"]
[Black "JudgeTurpin"]
[Result "0-1"]
[WhiteElo "2204"]
[BlackElo "2478"]
[PlyCount "148"]
[EventDate "1999.??.??"]

1. e4 e5 2. Bc4 Nf6 3. Nc3 Nc6 4. Nge2 Nxe4 5. Nxe4 d5 6. Bxd5 Qxd5 7. d3 Bb4+
8. c3 Be7 9. O-O Be6 10. f4 f5 11. Nf2 O-O-O 12. fxe5 Qxe5 13. Re1 Qf6 14. Nf4
Bf7 15. d4 Bd6 16. N4h3 Rde8 17. Nd3 Rxe1+ 18. Nxe1 Re8 19. Bf4 Qe6 20. Bxd6
Qe3+ 21. Kh1 cxd6 22. Nc2 Qe2 23. Qc1 Re4 24. b3 Bd5 25. Ng1 Qg4 26. Qd2 Qf4
27. Qxf4 Rxf4 28. Ne3 Ne7 29. c4 Bc6 30. d5 Bd7 31. a4 Rd4 32. Nf1 a5 33. Nf3
Rd3 34. Re1 Ng6 35. N3d2 Kc7 36. Kg1 Kb6 37. h3 Kc5 38. Kf2 Ne5 39. Re2 g5 40.
Ke1 Be8 41. Kf2 Bh5 42. Re3 Kb4 43. Rg3 h6 44. Rxd3 Nxd3+ 45. Kg1 Bg6 46. h4
Nc5 47. Kf2 gxh4 48. Nf3 Kxb3 49. Nxh4 Bh7 50. g3 Kxc4 51. Ne3+ Kd4 52. Nexf5+
Bxf5 53. Nxf5+ Kxd5 54. Nxh6 Nxa4 55. Ke2 Nc3+ 56. Kd3 Ne4 57. Nf5 Ke5 58. Ne3
d5 59. g4 b5 60. Kc2 Nf2 61. Kc1 d4 62. Nc2 d3 63. Na3 b4 64. Nc4+ Kd4 65. Nb2
Nxg4 66. Kd2 Ne5 67. Kc1 Nc4 68. Nd1 d2+ 69. Kb1 b3 70. Nb2 Nxb2 71. Kxb2 d1=Q
72. Ka3 Qc2 73. Ka4 Kc5 74. Kxa5 74... Qa2# {Hossa checkmated} 0-1

[Event "ICS Rated standard match"]
[Site "204.178.125.65"]
[Date "1999.10.05"]
[Round "?"]
[White "Hossa"]
[Black "JudgeTurpin"]
[Result "0-1"]
[WhiteElo "2064"]
[BlackElo "2434"]
[PlyCount "85"]
[EventDate "1999.??.??"]

1. d4 d5 2. c4 e5 3. dxe5 d4 4. Nf3 Nc6 5. Bf4 Nge7 6. e4 Bg4 7. Be2 Bxf3 8.
Bxf3 Ng6 9. Bc1 Bb4+ 10. Bd2 Ngxe5 11. O-O O-O 12. Bxb4 Nxb4 13. Nd2 Nbd3 14.
Qb3 Qg5 15. Rad1 c5 16. Kh1 a5 17. g3 a4 18. Qa3 Nb4 19. Be2 Qe7 20. Rc1 h5 21.
f4 Ng4 22. Bxg4 hxg4 23. e5 Qc7 24. Kg1 Qc6 25. Rfe1 Rfd8 26. e6 fxe6 27. Re5
Rf8 28. Rg5 Rae8 29. Rg6 b6 30. Rg5 e5 31. Rxe5 Rxe5 32. fxe5 Qh6 33. Rd1 Nc2
34. Qd3 Qe3+ 35. Qxe3 dxe3 36. Ne4 e2 37. Rc1 e1=Q+ 38. Rxe1 Nxe1 39. e6 Nf3+
40. Kg2 Re8 41. Nc3 a3 42. b3 Rxe6 43. Kf2 {Hossa resigns} 0-1

[Event "ICS Rated standard match"]
[Site "204.178.125.65"]
[Date "1999.09.14"]
[Round "?"]
[White "Hossa"]
[Black "MissSilicon"]
[Result "0-1"]
[WhiteElo "2158"]
[BlackElo "2368"]
[PlyCount "109"]
[EventDate "1999.??.??"]

1. e4 e5 2. Nf3 Nf6 3. Nxe5 d6 4. Nf3 Nxe4 5. Qe2 Qe7 6. d3 Nf6 7. Bg5 Qxe2+ 8.
Bxe2 Be7 9. O-O O-O 10. c4 Nc6 11. Nc3 Bf5 12. Nb5 Rac8 13. d4 a6 14. Nc3 Rce8
15. Rfe1 Ne4 16. Be3 Nb4 17. Rec1 Bf6 18. Bd1 Ng5 19. Nd2 Nd3 20. Rcb1 c5 21.
Ne2 Ne6 22. d5 Nc7 23. Bc2 Bg6 24. Ng3 b5 25. cxb5 axb5 26. a4 Nxd5 27. axb5
Nxe3 28. fxe3 Rxe3 29. Nf3 Ne5 30. Bxg6 Nxf3+ 31. Kf2 Rb3 32. Bxh7+ Kxh7 33.
gxf3 Rxb5 34. Ra2 Rfb8 35. Nf5 d5 36. Nd6 R5b6 37. Nf5 Rxb2+ 38. Rbxb2 Rxb2+
39. Rxb2 Bxb2 40. Ne7 d4 41. Ke2 c4 42. Nc6 Bc3 43. f4 d3+ 44. Kd1 Kg6 45. Ne7+
Kh5 46. Nc6 Kg4 47. Ne7 Bb2 48. Nd5 c3 49. Nxc3 Bxc3 50. f5 Kf4 51. Kc1 Ke3 52.
Kd1 Bd4 53. Ke1 Be5 54. f6 d2+ 55. Kd1 {Hossa resigns} 0-1

[Event "ICS Rated standard match"]
[Site "204.178.125.65"]
[Date "1999.09.16"]
[Round "?"]
[White "Hossa"]
[Black "TDChess"]
[Result "0-1"]
[WhiteElo "2125"]
[BlackElo "2185"]
[PlyCount "142"]
[EventDate "1999.??.??"]

1. Nf3 d5 2. c4 d4 3. g3 Qd6 4. Bg2 Nc6 5. O-O Bd7 6. Na3 O-O-O 7. Nb5 Qc5 8.
d3 e5 9. b3 Kb8 10. e3 Nf6 11. exd4 Nxd4 12. Nbxd4 exd4 13. Ng5 Be8 14. f3 h6
15. Ne4 Qb6 16. Bd2 Nh7 17. Re1 Bd7 18. a4 Re8 19. a5 Qg6 20. a6 bxa6 21. Ra5
f5 22. Nf2 Rxe1+ 23. Qxe1 Qb6 24. b4 h5 25. Rd5 Kc8 26. Nd1 h4 27. gxh4 Qf6 28.
Qf2 Bc6 29. Rxd4 Bd6 30. f4 Bxg2 31. Kxg2 a5 32. c5 Be7 33. Qe3 axb4 34. Bxb4
Nf8 35. Rd5 Ng6 36. h5 Rxh5 37. Be1 Qc6 38. Nc3 Bf6 39. d4 Ne7 40. Qf3 Rh8 41.
Bg3 Nxd5 42. Nxd5 Kb8 43. Nxf6 Qxf6 44. Qb3+ Kc8 45. Qf3 c6 46. d5 Qb2+ 47. Bf2
cxd5 48. Qxd5 Rxh2+ 49. Kxh2 Qxf2+ 50. Kh3 Qf1+ 51. Kh2 Qxf4+ 52. Kg1 g5 53. c6
Qg4+ 54. Kf2 f4 55. Kf1 f3 56. Ke1 Kc7 57. Qa5+ Kxc6 58. Qa6+ Kd5 59. Qa5+ Ke6
60. Qa6+ Ke5 61. Qa5+ Kf6 62. Qxa7 Qe6+ 63. Kd2 Qe2+ 64. Kc1 f2 65. Qb6+ Kf5
66. Qc5+ Kg4 67. Qd4+ Kg3 68. Qd6+ Kh3 69. Qd7+ g4 70. Qh7+ Kg2 71. Qb7+ 71...
Qf3 {Hossa resigns} 0-1

[Event "ICS Rated standard match"]
[Site "204.178.125.65"]
[Date "1999.09.15"]
[Round "?"]
[White "Hossa"]
[Black "Zippy"]
[Result "0-1"]
[WhiteElo "2148"]
[BlackElo "2088"]
[PlyCount "115"]
[EventDate "1999.??.??"]

1. e4 c6 2. d4 d5 3. Nc3 dxe4 4. Nxe4 Bf5 5. Bd3 Qxd4 6. Nf3 Qd7 7. Nc5 Qd5 8.
Bxf5 Qxc5 9. Bc8 Qa5+ 10. c3 Qc7 11. Bh3 e6 12. O-O Nd7 13. Be3 Ngf6 14. Qa4
Nd5 15. Rae1 Nxe3 16. fxe3 Be7 17. Qg4 O-O 18. Rd1 Nf6 19. Qh4 Qb6 20. Qf2 Rfd8
21. Nd4 c5 22. Nb3 Rxd1 23. Rxd1 Rd8 24. Rxd8+ Qxd8 25. Qe2 Qd5 26. Nc1 Qe4 27.
Qd3 Qh4 28. Qf1 Nd5 29. Nd3 Qe4 30. Nf2 Qxe3 31. g3 Qd2 32. Nd1 e5 33. Kh1 e4
34. Bf5 e3 35. Bg4 b6 36. Qf3 c4 37. Qf1 b5 38. a4 Nf6 39. Be2 a6 40. Kg1 Bc5
41. axb5 axb5 42. Kg2 Ng4 43. Qf3 Ne5 44. Qa8+ Bf8 45. Kf1 Nd3 46. Qf3 Qe1+ 47.
Kg2 Nc1 48. Bxc4 Qd2+ 49. Kg1 bxc4 50. Nxe3 Nd3 51. h4 Qc1+ 52. Nf1 Qxb2 53. h5
Qxc3 54. Kh1 Qe5 55. g4 Qf4 56. Qxf4 Nxf4 57. Ne3 c3 58. Kh2 {Hossa resigns}
0-1

[Event "ICS Rated standard match"]
[Site "204.178.125.65"]
[Date "1999.09.14"]
[Round "?"]
[White "Hossa"]
[Black "Zippy"]
[Result "1-0"]
[WhiteElo "2167"]
[BlackElo "2079"]
[PlyCount "109"]
[EventDate "1999.??.??"]

1. e4 c5 2. Nf3 e6 3. d4 cxd4 4. Nxd4 Nc6 5. Nc3 Qc7 6. Ndb5 Qe5 7. f4 Qb8 8.
a4 a6 9. Na3 Bb4 10. Nc4 Nf6 11. e5 Ne4 12. Bd2 Nxc3 13. bxc3 Bc5 14. Rb1 Qa7
15. Nd6+ Bxd6 16. exd6 Qc5 17. Bd3 Qxd6 18. O-O Qc5+ 19. Kh1 d5 20. Qh5 g6 21.
Qh6 a5 22. Qg7 Qf8 23. Qf6 Rg8 24. c4 d4 25. Qh4 h5 26. f5 gxf5 27. Qxh5 Qg7
28. Qe2 e5 29. Rb6 e4 30. Bxe4 fxe4 31. Qxe4+ Ne7 32. Re1 f5 33. Qd5 Ra6 34.
Rxa6 b5 35. Qxb5+ Bd7 36. Ra8+ Kf7 37. Rxg8 Bxb5 38. Rxg7+ Kxg7 39. Rxe7+ Kf8
40. axb5 Kxe7 41. Bxa5 Kd6 42. Bb6 Ke6 43. Bxd4 f4 44. Kg1 Kd6 45. Kf2 Ke6 46.
Kf3 Kd6 47. Kxf4 Ke7 48. g4 Ke6 49. b6 Ke7 50. b7 Kd7 51. b8=Q Ke7 52. Bc5+ Kf7
53. Qf8+ Kg6 54. Qg8+ Kh6 55. Bf8# {Zippy checkmated} 1-0

[Event "ICS Rated standard match"]
[Site "204.178.125.65"]
[Date "1999.09.13"]
[Round "?"]
[White "Hossa"]
[Black "Zippy"]
[Result "0-1"]
[WhiteElo "2202"]
[BlackElo "2057"]
[PlyCount "157"]
[EventDate "1999.??.??"]

1. e4 e5 2. Nf3 Nc6 3. Bb5 a6 4. Ba4 Nf6 5. O-O Be7 6. Re1 b5 7. Bb3 d6 8. c3
O-O 9. h3 Na5 10. d4 Nxb3 11. axb3 Bb7 12. Nbd2 c5 13. dxe5 dxe5 14. Nxe5 Nxe4
15. Nxe4 Qxd1 16. Rxd1 Bxe4 17. Be3 Rfe8 18. Nd7 Bc2 19. Rd2 Red8 20. Nf6+ Bxf6
21. Rxc2 Be7 22. Re2 f6 23. c4 Kf7 24. g4 g5 25. f4 h6 26. Ra5 Rdb8 27. f5 Bd8
28. Ra1 Be7 29. Bf2 h5 30. gxh5 Rh8 31. cxb5 axb5 32. Rxa8 Rxa8 33. Rd2 Rh8 34.
Rd5 Rxh5 35. Kg2 b4 36. Bxc5 Bxc5 37. Rxc5 Ke7 38. Rc4 Kd6 39. Rxb4 Ke5 40.
Rb5+ Kf4 41. Rc5 Rh7 42. Rd5 Rb7 43. Rd3 Kxf5 44. Kf3 Rh7 45. Kg3 Ke4 46. Rd6
Ke5 47. Rd8 f5 48. Re8+ Kf6 49. Rf8+ Ke6 50. Kg2 Rb7 51. Re8+ Kd5 52. Re3 f4
53. Rc3 Ke4 54. Kf2 Rb5 55. Ke1 Ra5 56. Kd2 Ra2 57. Rc4+ Ke5 58. Kc3 f3 59. Rc7
Kf4 60. Rd7 f2 61. Rd1 Kf3 62. Rb1 Ra6 63. Rd1 Re6 64. b4 Re1 65. Rd6 Rc1+ 66.
Kb3 f1=Q 67. Rf6+ Kg3 68. Rxf1 Rxf1 69. b5 Kxh3 70. Ka4 g4 71. Kb4 Rf7 72. Kc5
g3 73. Kc6 g2 74. b3 g1=Q 75. b6 Rf6+ 76. Kd5 Qxb6 77. Kc4 Rf4+ 78. Kd5 Rd4+
79. Ke5 {Hossa resigns} 0-1

[Event "ICS Rated standard match"]
[Site "204.178.125.65"]
[Date "1999.09.07"]
[Round "?"]
[White "Hossa"]
[Black "Zippy"]
[Result "1/2-1/2"]
[WhiteElo "2210"]
[BlackElo "2077"]
[PlyCount "219"]
[EventDate "1999.??.??"]

1. c4 e6 2. Nc3 d5 3. d4 Nf6 4. cxd5 exd5 5. Bg5 Be7 6. e3 h6 7. Bxf6 Bxf6 8.
Bd3 c6 9. Nge2 Qb6 10. O-O Qxb2 11. Qa4 b5 12. Qd1 Qa3 13. Qc2 O-O 14. Rfc1 Bd7
15. Bf5 Bxf5 16. Qxf5 b4 17. Nd1 a5 18. Qb1 a4 19. Nb2 Re8 20. Rd1 b3 21. axb3
Qxb3 22. Nxa4 Qc4 23. Nac3 Rxa1 24. Qxa1 Na6 25. Qa5 Bd8 26. Qa4 Qxa4 27. Nxa4
Nb4 28. Rc1 Bc7 29. Nc5 Bd6 30. Nb7 Be7 31. Na5 Rc8 32. g3 g5 33. Kg2 Kg7 34.
h3 f5 35. g4 fxg4 36. hxg4 Kg6 37. Nb3 Ra8 38. Rh1 Ra2 39. Nbc1 Rc2 40. Kg3 c5
41. dxc5 Bxc5 42. Kf3 Bb6 43. Rh5 Nc6 44. Nd3 Rd2 45. Nec1 Bc7 46. Rh1 Bd6 47.
Rg1 Kf6 48. Re1 Ba3 49. Rh1 Kg7 50. Kg3 d4 51. Kf3 Kg6 52. Ke4 dxe3 53. fxe3
Rg2 54. Kf3 Rc2 55. Ne2 Rd2 56. Nec1 Kh7 57. Rg1 Kg7 58. Ke4 Na5 59. Rh1 Rc2
60. Kf3 Nc4 61. Re1 Nd2+ 62. Kg3 Bd6+ 63. Kf2 Nc4+ 64. Ne2 Ba3 65. Rd1 Kf6 66.
e4 Ra2 67. Rh1 Kg7 68. e5 Bb2 69. e6 Ba3 70. Rh3 Bd6 71. Rh5 Ne5 72. Nxe5 Bxe5
73. e7 Ra8 74. Kf3 Re8 75. Ke4 Rxe7 76. Kd5 Kg6 77. Ng1 Bf6 78. Nf3 Re3 79. Rh3
Rd3+ 80. Kc5 Rd8 81. Rh5 Bg7 82. Kb6 Rf8 83. Rh3 Rf4 84. Nh2 Bd4+ 85. Kc6 Kg7
86. Rd3 Bg1 87. Rd7+ Kg6 88. Rd6+ Kf7 89. Rd7+ Ke6 90. Rd2 Kf6 91. Rd6+ Ke5 92.
Rd2 Rf2 93. Rxf2 Bxf2 94. Nf3+ Kf4 95. Nd2 Kxg4 96. Kd5 Kf4 97. Ne4 Ba7 98. Nc3
g4 99. Ne2+ Kf3 100. Nc1 Ke3 101. Nb3 g3 102. Na1 g2 103. Nc2+ Ke2 104. Ke4
g1=Q 105. Kd5 Qc5+ 106. Ke4 Qxc2+ 107. Ke5 Qc3+ 108. Kf4 Qf3+ 109. Ke5 Qe3+
110. Kd5 {Zippy ran out of time and Hossa has no material to mate} 1/2-1/2

[Event "ICS Rated standard match"]
[Site "204.178.125.65"]
[Date "1999.09.16"]
[Round "?"]
[White "Hossa"]
[Black "boka"]
[Result "1-0"]
[WhiteElo "2113"]
[BlackElo "2100"]
[PlyCount "33"]
[EventDate "1999.??.??"]

1. d4 d5 2. c4 c6 3. e3 e6 4. Nc3 Nf6 5. Bd3 Nbd7 6. Nge2 dxc4 7. Bxc4 Nb6 8.
Bb3 c5 9. O-O c4 10. Bxc4 Nxc4 11. Qa4+ Bd7 12. Qxc4 Rc8 13. Qd3 Bd6 14. e4 Bb8
15. e5 Ng4 16. Qg3 h5 17. f3 {boka resigns} 1-0

[Event "ICS Rated standard match"]
[Site "204.178.125.65"]
[Date "1999.09.17"]
[Round "?"]
[White "Hossa"]
[Black "chancery"]
[Result "1-0"]
[WhiteElo "2165"]
[BlackElo "2007"]
[Annotator "Fritz 5.32 (20s)"]
[PlyCount "65"]
[EventDate "1999.??.??"]

1. f4 1... d5 {Opening = A03 - 1.f4 d5} 2. Nf3 e6 3. e3 Bd6 (3... c5 4. Be2 Nc6
5. d3 Nf6 6. O-O b6 7. Qe1 Bb7 8. a3 Qc7 9. Nc3 a6 10. e4 d4 11. Nd1 Be7 12.
Bd2 O-O-O 13. b4 Kb8 14. Nb2 Nd7 15. Kh1 f6 16. c3 e5 17. cxd4 exd4 18. Qf2 {
Oliveira,P-Moran,A/New York 1993/TD/0-1 (49)}) (3... g6 4. Nc3 Bg7 5. b3 c5 6.
Bb2 Nf6 7. Be2 O-O 8. O-O a6 9. Qe1 b5 10. Nd1 Nc6 11. Nf2 Nb4 12. Bd1 Bb7 13.
a3 Nc6 14. g4 d4 15. e4 Re8 16. e5 Nd7 17. Ne4 f6 18. Nd6 fxe5 19. fxe5 Ndxe5
20. Nxb7 Qe7 21. Nxe5 Bxe5 22. Bf3 Bxh2+ 23. Kxh2 Qxb7 24. b4 Qb6 25. Qf2 Rf8
26. Qg2 Rac8 27. Bxc6 Qxc6 28. Rxf8+ Kxf8 29. Qxc6 Rxc6 30. bxc5 e5 31. Rf1+
Ke7 32. Re1 Rxc5 33. Bxd4 Rxc2 34. Rxe5+ Kd6 35. Re2 Kd5 36. Bc3 Ra2 37. Bb4 a5
38. Bxa5 {Serdyuk,I-Undeutsch,B/Hamburg 1998/EXT 99/1-0 (59)}) 4. d4 Nf6 5. Bd3
c5 6. O-O $146 (6. c3 O-O 7. Ne5 c4 8. Bc2 Nc6 9. Nd2 b5 10. a3 Ba6 11. O-O Rb8
12. Rf3 Ne7 13. g4 h6 14. Rh3 Bxe5 15. fxe5 Ne4 16. Nxe4 dxe4 17. Bxe4 f5 18.
exf6 Rxf6 19. g5 Rf8 20. gxh6 20... gxh6 {
Antusch,I-Kimmig,E/Bad Wildbad 1993/EXT 97/1-0 (52)}) 6... O-O 7. c4 Nc6 8. Nc3
b6 9. Re1 9... Ba6 $16 (9... dxc4 $142 {damit waere Schwarz im Spiel geblieben}
10. Bxc4 10... Bb7 $11) 10. cxd5 Bxd3 11. dxc6 (11. Qxd3 $6 11... Nb4 12. Qe2
12... Nbxd5 $11) 11... Be4 12. Nxe4 (12. Ne5 Qc7 13. Nb5 13... Qe7 $16) 12...
Nxe4 13. dxc5 Bxc5 14. Qxd8 $14 (14. Qc2 $5 14... f5 15. Rd1 $16) 14... Rfxd8
15. a3 {Staerkt b4} 15... Rac8 $16 (15... a5 $5 $11 $142 {
ist die kritische Fortsetzung}) 16. b4 Be7 17. b5 Bc5 18. a4 f6 19. Bb2 Rd3 20.
Nd4 20... Kf7 $18 (20... Rd2 21. Rab1 $16) 21. Rad1 {
Weiss erhaelt Koenigsangriff} 21... Rxd1 {Mit der Mattdrohung Rxe1} 22. Rxd1
Rd8 23. Rc1 e5 24. fxe5 fxe5 25. Rf1+ 25... Kg8 $2 $18 (25... Ke8 $5 $142 26.
Nc2 26... Rd2 $16) 26. Nf5 g6 27. Nh6+ Kg7 28. Ng4 Re8 (28... h5 29. Bxe5+ Kg8
30. Nf6+ Nxf6 31. Rxf6 Bxe3+ 32. Kf1 32... Bc5 $18) 29. Bxe5+ Rxe5 30. Nxe5
Bxe3+ (30... Nd6 {holt die Kuh nicht vom Eis} 31. c7 Nc8 32. Rf7+ Kh6 33. Rd7
Bxe3+ 34. Kf1 $18) 31. Kh1 Nf2+ (31... Nd6 {ist der letzte Rettungsanker} 32.
c7 Nc8 33. Rf7+ 33... Kg8 $18) 32. Rxf2 Bxf2 33. c7 (33. c7 Bd4 34. Nc4 $18)
1-0

[Event "ICS Rated standard match"]
[Site "204.178.125.65"]
[Date "1999.10.11"]
[Round "?"]
[White "Hossa"]
[Black "dk2"]
[Result "1-0"]
[WhiteElo "2046"]
[BlackElo "2148"]
[PlyCount "93"]
[EventDate "1999.??.??"]

1. d4 Nf6 2. c4 e6 3. Nf3 b6 4. g3 Bd6 5. Bg2 Bb7 6. O-O Na6 7. Nc3 O-O 8. Re1
Bb4 9. Bg5 Bxc3 10. bxc3 Kh8 11. Bxf6 gxf6 12. e4 Rg8 13. Rb1 d6 14. Qd3 Qf8
15. a3 Qh6 16. Rb2 Qh5 17. Reb1 Qa5 18. Ra2 Qh5 19. Rd2 Qa5 20. Ra1 Rg4 21. Nh4
Rag8 22. Re2 Rxh4 23. gxh4 Qh5 24. Re3 Qxh4 25. Rg3 Rg6 26. Rxg6 hxg6 27. Re1
Kg8 28. Re3 Qg5 29. Qe2 f5 30. f3 Nb8 31. Qf2 f4 32. Re1 Nc6 33. Qa2 Nxd4 34.
cxd4 e5 35. d5 Bc8 36. Qc2 Bd7 37. Kh1 f5 38. Rg1 fxe4 39. Qxe4 Bf5 40. Qe1 Qh5
41. Qd1 a5 42. Qa4 Qh6 43. Qc6 Qg7 44. Qe8+ Qf8 45. Qb5 Qe7 46. Qb2 Qg7 47. Qc3
{dk2 resigns} 1-0

[Event "ICS Rated standard match"]
[Site "204.178.125.65"]
[Date "1999.09.19"]
[Round "?"]
[White "Hossa"]
[Black "elrebib"]
[Result "0-1"]
[WhiteElo "2141"]
[BlackElo "2316"]
[PlyCount "115"]
[EventDate "1999.??.??"]

1. e4 c6 2. d4 d5 3. exd5 cxd5 4. c4 Nf6 5. Nc3 Nc6 6. Nf3 Bg4 7. cxd5 Nxd5 8.
Be2 e6 9. O-O Be7 10. Nxd5 Qxd5 11. Be3 O-O 12. Ne5 Nxe5 13. Bxg4 Nxg4 14. Qxg4
Rac8 15. b3 Rc2 16. Rfc1 Rfc8 17. Qf4 Bd6 18. Qg4 Rxc1+ 19. Bxc1 Rc2 20. Bh6
Bf8 21. Be3 Be7 22. Qf4 Bd6 23. Qg4 Qa5 24. a3 Qc3 25. Qd1 Qxb3 26. Rb1 Qc3 27.
Rxb7 Ra2 28. Rb1 Bxa3 29. d5 exd5 30. Qxd5 Ra1 31. Qd8+ Bf8 32. Qd1 Rxb1 33.
Qxb1 a5 34. Qd1 a4 35. Bd4 Qb4 36. h3 a3 37. Qa1 a2 38. Kh2 Qd2 39. f3 Bd6+ 40.
Kg1 Bg3 41. Kh1 Qc2 42. Qf1 Qb1 43. Kg1 Bh4 44. f4 Bf6 45. Bxf6 gxf6 46. h4
Qxf1+ 47. Kxf1 Kg7 48. Kf2 Kg6 49. Kf3 Kh5 50. Ke4 Kg4 51. Kd5 Kxf4 52. h5 a1=Q
53. h6 Qe5+ 54. Kc6 Ke4 55. Kb7 Qe6 56. Kc7 Kd5 57. Kb7 Kc5 58. g3 {
Hossa resigns} 0-1

[Event "ICS Rated standard match"]
[Site "204.178.125.65"]
[Date "1999.09.25"]
[Round "?"]
[White "Hossa"]
[Black "janh"]
[Result "1-0"]
[WhiteElo "2054"]
[BlackElo "2137"]
[PlyCount "125"]
[EventDate "1999.??.??"]

1. e4 Nf6 2. e5 Nd5 3. d4 d6 4. Nf3 dxe5 5. Nxe5 Nd7 6. Nxd7 Qxd7 7. Be2 g6 8.
O-O Bg7 9. Re1 O-O 10. Na3 Qd8 11. Bf3 c6 12. c4 Nb6 13. Be3 Bf5 14. Qb3 Bxd4
15. Bxd4 Qxd4 16. Rxe7 Rab8 17. Rd1 Qh4 18. Re3 Rbe8 19. c5 Rxe3 20. Qxe3 Nd7
21. Nc2 Qd8 22. Nd4 Re8 23. Qc1 Qf6 24. b4 Ne5 25. Be2 Bg4 26. f3 Bf5 27. Qf4
Kf8 28. Nxf5 Qxf5 29. Qxf5 gxf5 30. a4 Ke7 31. f4 Ng4 32. b5 Ne3 33. Rd3 Nd5
34. bxc6 bxc6 35. Bf3 Nb4 36. Rd6 Rc8 37. Rd4 Na6 38. Rc4 Kd7 39. Be2 Nc7 40.
Rc2 Re8 41. Rd2+ Ke7 42. Bf3 Rd8 43. Rxd8 Kxd8 44. Bxc6 a5 45. Kf2 Ne6 46. Ke3
f6 47. Bf3 Nxc5 48. Bd1 Ke7 49. Bc2 h6 50. g3 Kd6 51. Kd4 Kc6 52. Kc4 Ne4 53.
Bxe4+ fxe4 54. g4 e3 55. Kd3 Kc5 56. Kxe3 Kb4 57. h4 Kxa4 58. g5 hxg5 59. hxg5
fxg5 60. fxg5 Kb4 61. g6 a4 62. g7 a3 63. g8=Q {janh resigns} 1-0

[Event "ICS Rated standard match"]
[Site "204.178.125.65"]
[Date "1999.09.18"]
[Round "?"]
[White "Hossa"]
[Black "robbok1"]
[Result "0-1"]
[WhiteElo "2174"]
[BlackElo "2404"]
[PlyCount "95"]
[EventDate "1999.??.??"]

1. e4 c5 2. c3 e6 3. d4 d5 4. exd5 exd5 5. Bb5+ Bd7 6. Bxd7+ Nxd7 7. Ne2 Ngf6
8. O-O Bd6 9. Re1 O-O 10. Bf4 Bxf4 11. Nxf4 Qb6 12. b3 Rfe8 13. Ne2 Rac8 14.
Nd2 cxd4 15. cxd4 Qa6 16. a3 Nf8 17. Nf3 Ng6 18. a4 Ne4 19. Ng3 Nf4 20. Nxe4
Rxe4 21. Rxe4 dxe4 22. Ng5 Ne2+ 23. Kh1 Qd3 24. Qxd3 exd3 25. Ne4 Nxd4 26. b4
Nc2 27. Rb1 Rc4 28. Nc5 Nxb4 29. Re1 h6 30. Nb3 Na6 31. Rd1 Rxa4 32. g3 Nb4 33.
Nc5 Ra5 34. Nxb7 Rd5 35. Kg2 a5 36. f4 a4 37. Kf3 a3 38. g4 Nc2 39. Kf2 a2 40.
Kf3 a1=Q 41. Rxa1 Nxa1 42. Ke4 d2 43. Kxd5 d1=Q+ 44. Kc6 Qxg4 45. f5 Qxf5 46.
Nd6 Qe5 47. h4 Nc2 48. Nb5 {Hossa resigns} 0-1

[Event "ICS Rated standard match"]
[Site "204.178.125.65"]
[Date "1999.09.15"]
[Round "?"]
[White "Hossa"]
[Black "rombodituono"]
[Result "1-0"]
[WhiteElo "2138"]
[BlackElo "2319"]
[PlyCount "67"]
[EventDate "1999.??.??"]

1. d4 f5 2. Nf3 Nf6 3. g3 g6 4. Bg2 Bg7 5. O-O O-O 6. c4 d6 7. Bf4 c6 8. Qc1
Qe8 9. Bh6 e5 10. Bxg7 Kxg7 11. Nc3 e4 12. Ng5 h6 13. Nh3 g5 14. f4 g4 15. Nf2
h5 16. e3 h4 17. gxh4 Rh8 18. Qe1 Nbd7 19. Nh1 Nf8 20. Ng3 Ng6 21. h5 Nxh5 22.
Qf2 Nh4 23. Ngxe4 Nxg2 24. Nxd6 Qe6 25. Nxc8 Raxc8 26. Kxg2 Nf6 27. b3 Rh3 28.
Rae1 Rch8 29. Rh1 g3 30. hxg3 Ng4 31. Rxh3 Rxh3 32. Qf3 Qh6 33. Kg1 Rh2 34. Re2
{rombodituono resigns} 1-0